Rembrandt (1606-1669): Life and work
The book opens with an account of Rembrandt's life; deals in turn with his portraits, landscapes, biblical scenes and genre painting; discusses Rembrandt's place among his contemporaries and his style and technique
Enregistré dans:
| Auteur principal: | |
|---|---|
| Format: | Livre |
| Langue: | Undetermined |
| Publié: |
Ithaca, New York
Cornell Univ
1989
|
| Sujets: | |
| Tags: |
Ajouter un tag
Pas de tags, Soyez le premier à ajouter un tag!
|
| Thư viện lưu trữ: | Trung tâm Học liệu Trường Đại học Cần Thơ |
|---|
| LEADER | 00784nam a2200193Ia 4500 | ||
|---|---|---|---|
| 001 | CTU_18561 | ||
| 008 | 210402s9999 xx 000 0 und d | ||
| 082 | |a 759.046092 | ||
| 082 | |b R813 | ||
| 100 | |a Jokob Rosenberg | ||
| 245 | 0 | |a Rembrandt (1606-1669): Life and work | |
| 245 | 0 | |c Jokob Rosenberg | |
| 260 | |a Ithaca, New York | ||
| 260 | |b Cornell Univ | ||
| 260 | |c 1989 | ||
| 520 | |a The book opens with an account of Rembrandt's life; deals in turn with his portraits, landscapes, biblical scenes and genre painting; discusses Rembrandt's place among his contemporaries and his style and technique | ||
| 650 | |a painting, baroque,painting, dutch,rembrandt harmenszoon van rijn, 1606-1669 | ||
| 904 | |i Minh, 970919 | ||
| 980 | |a Trung tâm Học liệu Trường Đại học Cần Thơ | ||